LEADER 00936nam0 22002651i 450 001 UON00344677 005 20231205104313.515 100 $a20091111d1966 |0itac50 ba 101 $aeng 102 $aGB 105 $a|||| 1|||| 200 1 $aD.H. Lawrence$fAnthony West 210 $aLondon$cArthur Barker$d1966 215 $a152 p.$d19 cm. 606 $aLAWRENCE DAVID HERBERT$3UONC039601$2FI 620 $aGB$dLondon$3UONL003044 676 $a824$cLetteratura inglese. Saggi$v21 700 1$aWEST$bAnthony$3UONV192912$0150205 712 $aArthur Barker Limited$3UONV247900$4650 801 $aIT$bSOL$c20240220$gRICA 899 $aSIBA - SISTEMA BIBLIOTECARIO DI ATENEO$2UONSI 912 $aUON00344677 950 $aSIBA - SISTEMA BIBLIOTECARIO DI ATENEO$dSI Angl VI B LAW WES $eSI SI 1893 5 996 $aD.H. Lawrence$91357934 997 $aUNIOR